000 00235 a2200109 4500
020 _a9780764146619
041 _aspa
100 _aBRUZZONE, Catherine
245 _aSPANISH ENGLISH PICTURE DICTIONARIO
942 _cBK
952 _74
_xok
999 _c25971
_d25971